5HLuxD.jpg

KING HENRY VIII SENIOR AND PRIMARY SCHOOL LIBRARY OPAC

Pirates in the supermarket / (Record no. 1573)

000 -LEADER
fixed length control field 00986nam a22003258i 4500
001 - CONTROL NUMBER
control field 020854419
003 - CONTROL NUMBER IDENTIFIER
control field UkOxU
005 - DATE AND TIME OF LATEST TRANSACTION
control field 20230112172102.0
008 - FIXED-LENGTH DATA ELEMENTS--GENERAL INFORMATION
fixed length control field 170109s2017 enka j 000|f|eng|d
015 ## - NATIONAL BIBLIOGRAPHY NUMBER
National bibliography number GBB732698
Source bnb
016 7# - NATIONAL BIBLIOGRAPHIC AGENCY CONTROL NUMBER
Record control number 018247703
Source Uk
020 ## - INTERNATIONAL STANDARD BOOK NUMBER
International Standard Book Number 9781407158389 (pbk.) :
035 ## - SYSTEM CONTROL NUMBER
System control number (Uk)018247703
035 ## - SYSTEM CONTROL NUMBER
System control number (StEdALDL)1/3552672
040 ## - CATALOGING SOURCE
Original cataloging agency StDuBDS
Language of cataloging eng
Description conventions rda
Transcribing agency StDuBDS
049 ## - LOCAL HOLDINGS (OCLC)
Holding library CROBAR
082 04 - DEWEY DECIMAL CLASSIFICATION NUMBER
Classification number 823.92 KNA
Edition number 23
100 1# - MAIN ENTRY--PERSONAL NAME
Personal name Knapman, Timothy,
Relator term author.
245 10 - TITLE STATEMENT
Title Pirates in the supermarket /
Statement of responsibility, etc. Timothy Knapman ; illustrated by Sarah Warburton.
263 ## - PROJECTED PUBLICATION DATE
Projected publication date 201705
264 #1 - PRODUCTION, PUBLICATION, DISTRIBUTION, MANUFACTURE, AND COPYRIGHT NOTICE
Place of production, publication, distribution, manufacture London :
Name of producer, publisher, distributor, manufacturer Scholastic,
Date of production, publication, distribution, manufacture, or copyright notice 2017.
300 ## - PHYSICAL DESCRIPTION
Extent 1 volume :
Other physical details chiefly illustrations (colour) ;
Dimensions 28 cm
336 ## - CONTENT TYPE
Content type term text
Source rdacontent
336 ## - CONTENT TYPE
Content type term still image
Source rdacontent
337 ## - MEDIA TYPE
Media type term unmediated
Source rdamedia
338 ## - CARRIER TYPE
Carrier type term volume
Source rdacarrier
655 #7 - INDEX TERM--GENRE/FORM
Genre/form data or focus term Children's stories
Form subdivision Pictorial works
Source of term gsafd
700 1# - ADDED ENTRY--PERSONAL NAME
Personal name Warburton, Sarah,
Relator term artist.
942 ## - ADDED ENTRY ELEMENTS (KOHA)
Source of classification or shelving scheme
Koha item type Books - Non Ficton
Holdings
Withdrawn status Lost status Source of classification or shelving scheme Damaged status Not for loan Collection code Permanent Location Current Location Shelving location Date acquired Total Checkouts Total Renewals Full call number Barcode Date last seen Date last checked out Price effective from Koha item type
          Non-Fiction KH8 Primary School Library KH8 Primary School Library Non Fiction 2023-01-12 20 1 823.92 KNA KHPL000003334 2026-02-03 2026-01-27 2023-01-12 Books - Non Ficton

Powered By KH8 IT Dept